Science Quiz

Random Science or Chemistry Quiz
Score 0/24 Timer 05:00
0 Plays Today
Use Y/N % Correct
Storing food???
90.3%
Fashioning a disposable funnel???
88.8%
Protecting pie crusts edges from burning???
87.2%
Substituting for paper in document printing???
78.4%
Cleaning stubborn gunk off pots and pans???
77.6%
Deterring birds from fruit trees???
77.2%
Cleaning a dusty CD or DVD???
76.9%
Removing rust from chrome???
76%
Baking away odors from a microwave???
74.4%
Neutralizing vodka in a cocktail???
71.7%
Converting a TV remote into a Wii remote???
71.3%
De-tarnishing silver???
71.3%
Use Y/N % Correct
Lining a paper bill to confuse a vending machine???
66.7%
Sharpening scissors???
66.2%
Boosting a Wi-Fi signal???
65.7%
Masking the X-rays of an airport body scanner???
64.7%
Disposing of hot grease???
63.4%
Reducing static cling???
60.8%
Insulating a frayed wire???
60.5%
Wrapping a pet's collar for tick prevention???
57.9%
Ironing both sides of clothes simultaneously???
56.3%
De-fuzzing a cashmere sweater???
45.8%
Creating a tablet or iPad stylus???
44%
Converting AAA batteries into AAs???
35.7%
Remove Ads.
Support Sporcle.
Get the best of Sporcle when you Go Orange. This ad-free experience offers more features, more stats, and more fun while also helping to support Sporcle. Thank you for becoming a member.

You're not logged in!

Compare scores with friends on all Sporcle quizzes.
OR
Log In

Show Comments

Extras

Top Quizzes Today


Score Distribution

Your Account Isn't Verified!

In order to create a playlist on Sporcle, you need to verify the email address you used during registration. Go to your Sporcle Settings to finish the process.

Report this User

Report this user for behavior that violates our Community Guidelines.

Details: